| 000 | 00536nam a2200169 4500 | ||
|---|---|---|---|
| 001 | 7853 | ||
| 005 | 20181127184511.0 | ||
| 020 | 0 | 0 | _a9789993628217 |
| 090 | 0 | 0 | _a339.46 N27b 2017. |
| 110 |
_aNational Statistics Bureau. _b _c _d _e _n _p |
||
| 245 | 0 | 0 |
_aBhutan poverty analysis report 2017 / _b _cNational Statistics Bureau. _h |
| 260 | 0 | 0 |
_a[Thimphu] : _bNational Statistics Bureau, _c2017. |
| 300 | 0 | 0 | _aviii, 55 p. ; 21 cm. |
| 650 | 0 | 0 |
_aBhutan --Social conditions. _x |
| 650 | 0 | 0 |
_aPoverty --Government policy --Bhutan. _x |
| 650 | 0 | 0 |
_aPoverty. _x |
| 999 |
_c6740 _d6740 |
||